000 00649nam a22002177a 4500
003 OSt
005 20251106011909.0
008 251106b |||||||| |||| 00| 0 eng d
020 _a 0-7548-0741-x
040 _aDWCL-Admin lib
_cOC
082 _aCirc. 641.595 M875c 2000
100 _aMorris, Sallie
245 _a The cook's guide to Asian ingredients /
_cSallie Morris
260 _aCanada :
_bLorenz Books,
_cc2000
300 _a128 p. : ill. (chiefly col.) ;
_c22 cm.
504 _aIncludes index.
650 _a1. Cooking ingredients-Asians
650 _a2. Cooking, Asian
700 _aHsiung, Deh-Tah.
942 _2ddc
_cBK-CIRC
_kCirc.
_n0
999 _c5523
_d5523